| 000 | 00566nam a2200193 i 4500 | ||
|---|---|---|---|
| 001 | bgj | ||
| 100 | 1 |
_aKUNDERA, Milan _d(1929- ). |
|
| 245 | 1 | 0 |
_aThe Unbearable Lightness of Being / _cMilan Kundera ; translated from the Czech by Michael Henry Heim. |
| 260 |
_aLondon : _bFaber and Faber, _c1995. |
||
| 300 |
_a305 pp ; _c20 cm. |
||
| 650 | 9 | _aCzech fiction | |
| 700 | 1 |
_aHEIM, Michael Henry. _etransl. |
|
| 020 | _a0571135390 | ||
| 040 | _cBPK | ||
| 041 | 0 |
_aeng _hczech |
|
| 920 | _a0-571-13539-0 | ||
| 942 | _cKS | ||
| 008 | s uk f |000 0 eng | ||
| 999 |
_c49113 _d49113 |
||
| 856 |
_uhttp://koha.tu.koszalin.pl/cgi-bin/koha/opac-detail.pl?biblionumber=49113 _yKatalog online BPK |
||